000 00395nam a2200157Ia 4500
008 230524s9999 xx 000 0 und d
082 _a621.3822
_bHUS
100 _aFarooq Husain
245 2 _aA Text Book of Signals And Systems
250 _a1
260 _aNew Delhi
_bUmesh Publi.
_c2008
300 _a"XIV,705p;"
500 _aQuantity Number: 1
650 _aElectronics
942 _cBK
999 _c56425
_d56425